Schéma regionálnej pomoci pre veľké podniky

Pravidlá schválené vládou SR (november 2006) sú v súlade s platnými pravidlami EÚ. Rozdelenie územia SR do zón - zelená, žltá, červená zóna - podľa priemernej miery nezamestnanosti. Typy investícií. Súvisiace podmienky a pravidlá. Formy regionálnej pomoci. Výška regionálnej pomoci. Kritérium nevyhnu...

Full description

Saved in:
Bibliographic Details
Format: Book Chapter
Language:Slovak
Subjects:
Tags: Add Tag
No Tags, Be the first to tag this record!

MARC

LEADER 00000naa$a2200000$$$4500
001 0051582
005 20231106072434.7
041 0 |a slo 
044 |a SK 
245 1 0 |a Schéma regionálnej pomoci pre veľké podniky 
520 |a Pravidlá schválené vládou SR (november 2006) sú v súlade s platnými pravidlami EÚ. Rozdelenie územia SR do zón - zelená, žltá, červená zóna - podľa priemernej miery nezamestnanosti. Typy investícií. Súvisiace podmienky a pravidlá. Formy regionálnej pomoci. Výška regionálnej pomoci. Kritérium nevyhnutnosti. Nárokovateľnosť. Proces schvaľovania. Platnosť a účinnosť pravidiel. 
610 2 0 |a rozvoj regionálny 
610 2 0 |a pomoc finančná 
610 2 0 |a investori 
610 2 0 |a stimuly 
610 2 0 |a podnik veľký 
610 2 0 |a projekty investičné 
610 2 0 |a náklady investičné 
610 2 0 |a úľavy daňové 
610 2 0 |a dotácie